<?xml version="1.0" encoding="UTF-8"?><?xml-stylesheet type="text/xsl" href="static/style.xsl"?><OAI-PMH xmlns="http://www.openarchives.org/OAI/2.0/" xmlns:xsi="http://www.w3.org/2001/XMLSchema-instance" xsi:schemaLocation="http://www.openarchives.org/OAI/2.0/ http://www.openarchives.org/OAI/2.0/OAI-PMH.xsd"><responseDate>2026-05-17T19:44:39Z</responseDate><request verb="GetRecord" identifier="oai:repisalud.isciii.es:20.500.12105/11824" metadataPrefix="marc">https://repisalud.isciii.es/rest/oai/request</request><GetRecord><record><header><identifier>oai:repisalud.isciii.es:20.500.12105/11824</identifier><datestamp>2025-06-03T10:04:36Z</datestamp><setSpec>com_20.500.12105_2405</setSpec><setSpec>com_20.500.12105_2403</setSpec><setSpec>col_20.500.12105_2409</setSpec></header><metadata><record xmlns="http://www.loc.gov/MARC21/slim" xmlns:dcterms="http://purl.org/dc/terms/" xmlns:doc="http://www.lyncode.com/xoai" xmlns:xsi="http://www.w3.org/2001/XMLSchema-instance" xsi:schemaLocation="http://www.loc.gov/MARC21/slim http://www.loc.gov/standards/marcxml/schema/MARC21slim.xsd">
   <leader>00925njm 22002777a 4500</leader>
   <datafield ind2=" " ind1=" " tag="042">
      <subfield code="a">dc</subfield>
   </datafield>
   <datafield ind2=" " ind1=" " tag="720">
      <subfield code="a">Zaragoza, Oscar</subfield>
      <subfield code="e">author</subfield>
   </datafield>
   <datafield ind2=" " ind1=" " tag="260">
      <subfield code="c">2018</subfield>
   </datafield>
   <datafield ind2=" " ind1=" " tag="520">
      <subfield code="a">Nos rodean en todos los sitios, pero no podemos verlos. Da igual lo que hagamos, de nada sirve que corramos o que intentemos huir. Vayamos donde vayamos, van a estar ahí, con nosotros y a nuestro alrededor. Cuando pienso en ello, me puede entrar hasta sensación de agobio, por lo que prefiero ignorarlo. Pero es impo­ sible: siempre recuerdo que no estoy solo, aunque no vea a nadie a mi alrededor. Y así de inevitable, pero a la vez intrigante e intere­ sante, es el mundo de los microorganismos. Y es que cuando el zorro le descubrió al Principito que las cosas importantes en la vida son invisibles a los ojos, bien podría estar hablando de la importancia de los microorganismos en el mundo, en nuestras vidas y en nuestra sociedad. Sin ellos, nuestra vida sería muy diferente; es más, es bastante posible que, sin ellos, no existiera la vida tal y como la conocemos. Los microorganismos son imprescindibles para tantos procesos que suponen una pieza clave en una infinidad de fenómenos. Muchos de ellos son desco­ nocidos, pero otros tienen un efecto beneficioso para nuestro cuerpo; y, por supuesto, otros, desgraciadamente, nos pueden causar enfermedad.</subfield>
   </datafield>
   <datafield ind1="8" ind2=" " tag="024">
      <subfield code="a">Los hongos microscópicos ¿Amigos o enemigos?. Madrid : Instituto de Salud Carlos III : Los Libros de la Catarata; 2018</subfield>
   </datafield>
   <datafield ind1="8" ind2=" " tag="024">
      <subfield code="a">10.4321/repisalud.11824</subfield>
   </datafield>
   <datafield ind1="8" ind2=" " tag="024">
      <subfield code="a">978-84-9097-568-8</subfield>
   </datafield>
   <datafield ind1="8" ind2=" " tag="024">
      <subfield code="a">062180046</subfield>
   </datafield>
   <datafield ind1="8" ind2=" " tag="024">
      <subfield code="a">http://hdl.handle.net/20.500.12105/11824</subfield>
   </datafield>
   <datafield tag="653" ind2=" " ind1=" ">
      <subfield code="a">Hongos microscópicos</subfield>
   </datafield>
   <datafield ind2="0" ind1="0" tag="245">
      <subfield code="a">Los hongos microscópicos ¿Amigos o enemigos?</subfield>
   </datafield>
</record></metadata></record></GetRecord></OAI-PMH>